<?xml version="1.0" encoding="UTF-8"?>
<record
    xmlns:xsi="http://www.w3.org/2001/XMLSchema-instance"
    xsi:schemaLocation="http://www.loc.gov/MARC21/slim http://www.loc.gov/standards/marcxml/schema/MARC21slim.xsd"
    xmlns="http://www.loc.gov/MARC21/slim">

  <leader>00535nam a22001937a 4500</leader>
  <controlfield tag="005">20240906141803.0</controlfield>
  <controlfield tag="008">240906b        |||||||| |||| 00| 0 eng d</controlfield>
  <datafield tag="020" ind1=" " ind2=" ">
    <subfield code="a">978-93-92242-03-8</subfield>
  </datafield>
  <datafield tag="041" ind1=" " ind2=" ">
    <subfield code="a">eng</subfield>
  </datafield>
  <datafield tag="082" ind1=" " ind2=" ">
    <subfield code="2">1st</subfield>
    <subfield code="a">M 610.01 GUP B11143</subfield>
    <subfield code="b">GUP</subfield>
  </datafield>
  <datafield tag="100" ind1=" " ind2=" ">
    <subfield code="a">Gupta Pooja</subfield>
    <subfield code="9">180568</subfield>
  </datafield>
  <datafield tag="245" ind1=" " ind2=" ">
    <subfield code="a">Textbook of Microbiology for GNM Nursing </subfield>
  </datafield>
  <datafield tag="250" ind1=" " ind2=" ">
    <subfield code="a">1st</subfield>
  </datafield>
  <datafield tag="260" ind1=" " ind2=" ">
    <subfield code="a">Mohali</subfield>
    <subfield code="b">Vision Health Sciences</subfield>
    <subfield code="c">2021</subfield>
  </datafield>
  <datafield tag="300" ind1=" " ind2=" ">
    <subfield code="a">124p</subfield>
    <subfield code="b">Pb</subfield>
    <subfield code="c">24X18.5cm</subfield>
  </datafield>
  <datafield tag="365" ind1=" " ind2=" ">
    <subfield code="a">Rupaye</subfield>
    <subfield code="b">295.00</subfield>
    <subfield code="c">INR</subfield>
  </datafield>
  <datafield tag="521" ind1=" " ind2=" ">
    <subfield code="a">Microbiology
Nursing</subfield>
  </datafield>
  <datafield tag="942" ind1=" " ind2=" ">
    <subfield code="c">BK</subfield>
  </datafield>
  <datafield tag="999" ind1=" " ind2=" ">
    <subfield code="c">359586</subfield>
    <subfield code="d">359586</subfield>
  </datafield>
  <datafield tag="952" ind1=" " ind2=" ">
    <subfield code="0">0</subfield>
    <subfield code="1">0</subfield>
    <subfield code="2">ddc</subfield>
    <subfield code="4">0</subfield>
    <subfield code="7">3</subfield>
    <subfield code="a">BTIN</subfield>
    <subfield code="b">BTIN</subfield>
    <subfield code="d">2024-09-02</subfield>
    <subfield code="e">Varad Enterprises</subfield>
    <subfield code="g">191.75</subfield>
    <subfield code="i">210</subfield>
    <subfield code="o">M 610.01 GUP B11143 </subfield>
    <subfield code="p">BTIN-BK-11143</subfield>
    <subfield code="r">2024-09-06 00:00:00</subfield>
    <subfield code="t">103.25</subfield>
    <subfield code="v">295.00</subfield>
    <subfield code="w">2024-08-12</subfield>
    <subfield code="y">BK</subfield>
    <subfield code="z">BTIN-BK-11143</subfield>
  </datafield>
  <datafield tag="952" ind1=" " ind2=" ">
    <subfield code="0">0</subfield>
    <subfield code="1">0</subfield>
    <subfield code="2">ddc</subfield>
    <subfield code="4">0</subfield>
    <subfield code="7">0</subfield>
    <subfield code="a">BTIN</subfield>
    <subfield code="b">BTIN</subfield>
    <subfield code="d">2024-09-02</subfield>
    <subfield code="e">Varad Enterprises</subfield>
    <subfield code="g">191.75</subfield>
    <subfield code="i">210</subfield>
    <subfield code="l">2</subfield>
    <subfield code="o">M 610.01 GUP B11144 </subfield>
    <subfield code="p">BTIN-BK-11144</subfield>
    <subfield code="r">2025-06-23 00:00:00</subfield>
    <subfield code="s">2025-06-17</subfield>
    <subfield code="t">103.25</subfield>
    <subfield code="v">295.00</subfield>
    <subfield code="w">2024-08-12</subfield>
    <subfield code="y">BK</subfield>
    <subfield code="z">BTIN-BK-11144</subfield>
  </datafield>
  <datafield tag="952" ind1=" " ind2=" ">
    <subfield code="0">0</subfield>
    <subfield code="1">0</subfield>
    <subfield code="2">ddc</subfield>
    <subfield code="4">0</subfield>
    <subfield code="7">0</subfield>
    <subfield code="a">BTIN</subfield>
    <subfield code="b">BTIN</subfield>
    <subfield code="d">2024-09-02</subfield>
    <subfield code="e">Varad Enterprises</subfield>
    <subfield code="g">191.75</subfield>
    <subfield code="i">210</subfield>
    <subfield code="l">3</subfield>
    <subfield code="m">1</subfield>
    <subfield code="o">M 610.01 GUP B11145 </subfield>
    <subfield code="p">BTIN-BK-11145</subfield>
    <subfield code="r">2026-02-12 16:59:30</subfield>
    <subfield code="s">2026-02-05</subfield>
    <subfield code="t">103.25</subfield>
    <subfield code="v">295.00</subfield>
    <subfield code="w">2024-08-12</subfield>
    <subfield code="y">BK</subfield>
    <subfield code="z">BTIN-BK-11145</subfield>
  </datafield>
  <datafield tag="952" ind1=" " ind2=" ">
    <subfield code="0">0</subfield>
    <subfield code="1">0</subfield>
    <subfield code="2">ddc</subfield>
    <subfield code="4">0</subfield>
    <subfield code="7">0</subfield>
    <subfield code="a">BTIN</subfield>
    <subfield code="b">BTIN</subfield>
    <subfield code="d">2024-09-02</subfield>
    <subfield code="e">Varad Enterprises</subfield>
    <subfield code="g">191.75</subfield>
    <subfield code="i">210</subfield>
    <subfield code="l">5</subfield>
    <subfield code="m">1</subfield>
    <subfield code="o">M 610.01 GUP B11146 </subfield>
    <subfield code="p">BTIN-BK-11146</subfield>
    <subfield code="r">2026-01-29 07:36:07</subfield>
    <subfield code="s">2026-01-27</subfield>
    <subfield code="t">103.25</subfield>
    <subfield code="v">295.00</subfield>
    <subfield code="w">2024-08-12</subfield>
    <subfield code="y">BK</subfield>
    <subfield code="z">BTIN-BK-11146</subfield>
  </datafield>
  <datafield tag="952" ind1=" " ind2=" ">
    <subfield code="0">0</subfield>
    <subfield code="1">0</subfield>
    <subfield code="2">ddc</subfield>
    <subfield code="4">0</subfield>
    <subfield code="7">0</subfield>
    <subfield code="a">BTIN</subfield>
    <subfield code="b">BTIN</subfield>
    <subfield code="d">2024-09-02</subfield>
    <subfield code="e">Varad Enterprises</subfield>
    <subfield code="g">191.75</subfield>
    <subfield code="i">210</subfield>
    <subfield code="o">M 610.01 GUP B11147 </subfield>
    <subfield code="p">BTIN-BK-11147</subfield>
    <subfield code="r">2024-09-06 00:00:00</subfield>
    <subfield code="t">103.25</subfield>
    <subfield code="v">295.00</subfield>
    <subfield code="w">2024-08-12</subfield>
    <subfield code="y">BK</subfield>
    <subfield code="z">BTIN-BK-11147</subfield>
  </datafield>
  <datafield tag="952" ind1=" " ind2=" ">
    <subfield code="0">0</subfield>
    <subfield code="1">0</subfield>
    <subfield code="2">ddc</subfield>
    <subfield code="4">0</subfield>
    <subfield code="7">0</subfield>
    <subfield code="a">BTIN</subfield>
    <subfield code="b">BTIN</subfield>
    <subfield code="d">2024-09-02</subfield>
    <subfield code="e">Varad Enterprises</subfield>
    <subfield code="g">191.75</subfield>
    <subfield code="i">210</subfield>
    <subfield code="l">5</subfield>
    <subfield code="o">M 610.01 GUP B11148 </subfield>
    <subfield code="p">BTIN-BK-11148</subfield>
    <subfield code="r">2026-01-29 10:01:04</subfield>
    <subfield code="s">2026-01-27</subfield>
    <subfield code="t">103.25</subfield>
    <subfield code="v">295.00</subfield>
    <subfield code="w">2024-08-12</subfield>
    <subfield code="y">BK</subfield>
    <subfield code="z">BTIN-BK-11148</subfield>
  </datafield>
  <datafield tag="952" ind1=" " ind2=" ">
    <subfield code="0">0</subfield>
    <subfield code="1">0</subfield>
    <subfield code="2">ddc</subfield>
    <subfield code="4">0</subfield>
    <subfield code="7">0</subfield>
    <subfield code="a">BTIN</subfield>
    <subfield code="b">BTIN</subfield>
    <subfield code="d">2024-09-02</subfield>
    <subfield code="e">Varad Enterprises</subfield>
    <subfield code="g">191.75</subfield>
    <subfield code="i">210</subfield>
    <subfield code="l">4</subfield>
    <subfield code="o">M 610.01 GUP B11149 </subfield>
    <subfield code="p">BTIN-BK-11149</subfield>
    <subfield code="r">2025-07-03 00:00:00</subfield>
    <subfield code="s">2025-06-27</subfield>
    <subfield code="t">103.25</subfield>
    <subfield code="v">295.00</subfield>
    <subfield code="w">2024-08-12</subfield>
    <subfield code="y">BK</subfield>
    <subfield code="z">BTIN-BK-11149</subfield>
  </datafield>
  <datafield tag="952" ind1=" " ind2=" ">
    <subfield code="0">0</subfield>
    <subfield code="1">0</subfield>
    <subfield code="2">ddc</subfield>
    <subfield code="4">0</subfield>
    <subfield code="7">0</subfield>
    <subfield code="a">BTIN</subfield>
    <subfield code="b">BTIN</subfield>
    <subfield code="d">2024-09-02</subfield>
    <subfield code="e">Varad Enterprises</subfield>
    <subfield code="g">191.75</subfield>
    <subfield code="i">210</subfield>
    <subfield code="l">1</subfield>
    <subfield code="o">M 610.01 GUP B11150 </subfield>
    <subfield code="p">BTIN-BK-11150</subfield>
    <subfield code="r">2025-01-13 00:00:00</subfield>
    <subfield code="s">2025-01-07</subfield>
    <subfield code="t">103.25</subfield>
    <subfield code="v">295.00</subfield>
    <subfield code="w">2024-08-12</subfield>
    <subfield code="y">BK</subfield>
    <subfield code="z">BTIN-BK-11150</subfield>
  </datafield>
  <datafield tag="952" ind1=" " ind2=" ">
    <subfield code="0">0</subfield>
    <subfield code="1">0</subfield>
    <subfield code="2">ddc</subfield>
    <subfield code="4">0</subfield>
    <subfield code="7">0</subfield>
    <subfield code="a">BTIN</subfield>
    <subfield code="b">BTIN</subfield>
    <subfield code="d">2024-09-02</subfield>
    <subfield code="e">Varad Enterprises</subfield>
    <subfield code="g">191.75</subfield>
    <subfield code="i">210</subfield>
    <subfield code="l">1</subfield>
    <subfield code="o">M 610.01 GUP B11151 </subfield>
    <subfield code="p">BTIN-BK-11151</subfield>
    <subfield code="r">2025-01-13 00:00:00</subfield>
    <subfield code="s">2025-01-07</subfield>
    <subfield code="t">103.25</subfield>
    <subfield code="v">295.00</subfield>
    <subfield code="w">2024-08-12</subfield>
    <subfield code="y">BK</subfield>
    <subfield code="z">BTIN-BK-11151</subfield>
  </datafield>
  <datafield tag="952" ind1=" " ind2=" ">
    <subfield code="0">0</subfield>
    <subfield code="1">0</subfield>
    <subfield code="2">ddc</subfield>
    <subfield code="4">0</subfield>
    <subfield code="7">0</subfield>
    <subfield code="a">BTIN</subfield>
    <subfield code="b">BTIN</subfield>
    <subfield code="d">2024-09-02</subfield>
    <subfield code="e">Varad Enterprises</subfield>
    <subfield code="g">191.75</subfield>
    <subfield code="i">210</subfield>
    <subfield code="l">4</subfield>
    <subfield code="o">M 610.01 GUP B11152 </subfield>
    <subfield code="p">BTIN-BK-11152</subfield>
    <subfield code="r">2026-01-29 09:24:14</subfield>
    <subfield code="s">2026-01-27</subfield>
    <subfield code="t">103.25</subfield>
    <subfield code="v">295.00</subfield>
    <subfield code="w">2024-08-12</subfield>
    <subfield code="y">BK</subfield>
    <subfield code="z">BTIN-BK-11152</subfield>
  </datafield>
</record>
